| 000 | 00605nam a22002177a 4500 | ||
|---|---|---|---|
| 003 | DO-SdBNP | ||
| 005 | 20210922121349.0 | ||
| 007 | ta | ||
| 008 | 210922b 2019 dr 00| 0 eng d | ||
| 020 | _a9789945220353 | ||
| 040 |
_aDO-SdBNP _bspa _cBNPHU |
||
| 082 | 4 | _aBNPHU | |
| 100 | 1 |
_aPérez Gómez, José Alt. _980010 |
|
| 245 | 1 |
_aCuentos de vecinos / _cJosé Alt. Pérez Gómez |
|
| 260 |
_aSanto Domingo : _bBúho, _c2019. |
||
| 300 |
_a148 p. ; _c22 cm. |
||
| 500 | _aIncluye datos biográficos del autor en las solapas | ||
| 590 | _aInventariado, 2021/BT | ||
| 910 | _aBtavárez | ||
| 942 |
_2ddc _cLBS1 |
||
| 999 |
_c50626 _d50626 |
||